Giáo trình kết cấu bê tông cốt thép

Gorde:
Xehetasun bibliografikoak
Egile nagusia: Nguyễn Đình Cống
Formatua: Liburua
Hizkuntza:Undetermined
Argitaratua: Hà Nội Xây Dựng 2004
Gaiak:
Etiketak: Etiketa erantsi
Etiketarik gabe, Izan zaitez lehena erregistro honi etiketa jartzen!
Thư viện lưu trữ: Trung tâm Học liệu Trường Đại học Cần Thơ
LEADER 00675nam a2200205Ia 4500
001 CTU_73742
008 210402s9999 xx 000 0 und d
020 |c 39000 
082 |a 624.1834 
082 |b C455 
100 |a Nguyễn Đình Cống 
245 0 |a Giáo trình kết cấu bê tông cốt thép 
245 0 |c Nguyễn Đình Cống (chủ biên), Tạ Thanh Vân, Nguyễn Ngọc Thức 
260 |a Hà Nội 
260 |b Xây Dựng 
260 |c 2004 
650 |a concrete construction 
904 |i Mai Loan 
910 |a Năm sửa cutter Gi108 thành C455 
980 |a Trung tâm Học liệu Trường Đại học Cần Thơ